000 00746nam a2200265Ia 4500
003 OSt
005 20220928130334.0
006 a|||||r|||| 00| 0
007 ta
008 220927b |||||||| |||| 00| 0 eng d
020 _c8507.5200000000004
024 _a116364
037 _b114, 04/08/2012, N.R.Book Distributors
_cTextual
040 _aSDCL
_cSDCL
_beng
041 _2eng
_aeng
082 _aL:4:56, Q2
100 _aMurphy Kenneth
245 0 _aJaneway's immunobiology.
250 _a8th
260 _aLondon
_bGarland Science
_c2012
300 _axx,868p
_ccm.
650 _aMicrobiology
942 _hL:4:56, Q2
_cTEXL
_2CC
999 _c786146
_d786146